• AIU
  • Tony Wilmot Memorial Library
Normal view MARC view

Entry Topical Term

Number of records used in: 1

001 - CONTROL NUMBER

  • control field: 28230

003 - CONTROL NUMBER IDENTIFIER

  • control field: OSt

005 - DATE AND TIME OF LATEST TRANSACTION

  • control field: 20140702163938.0

008 - FIXED-LENGTH DATA ELEMENTS

  • fixed length control field: 140702|| aca||aabn | a|a d

040 ## - CATALOGING SOURCE

  • Original cataloging agency: OSt
  • Transcribing agency: OSt

600 ## -

  • : Masculinity.

670 ## - SOURCE DATA FOUND

  • Source citation: Work cat.: (OSt)0: Schoenberg, B. Mark, 1928- 28229, Growing up male :, 1993.